| 000 | 00742pam a2200181 a 4500 | ||
|---|---|---|---|
| 082 | 0 | 0 |
_a624.152 _a624.152 _bDIC _cD |
| 100 | 1 |
_aDick, Richard A. _942579 |
|
| 245 | 1 | 0 |
_aExplosives and blasting procedures manual / _cby Richard A. Dick, Larry R. Fletcher, and Dennis V. D'Andrea. |
| 260 |
_aWashington, D.C. : _bU.S. Dept. of the Interior, Bureau of Mines : _bSupt. of Docs., U.S. G.P.O., _c[1982] |
||
| 300 |
_avi, 105 p. : _bill. ; _c28 cm. |
||
| 490 | 1 | _aInformation circular ; | |
| 526 |
_a0 _b0 _c0 _d624_152000000000000_DIC |
||
| 650 | 0 |
_aBlasting _xHandbooks, manuals, etc. _942580 |
|
| 650 | 0 |
_aExplosives _xHandbooks, manuals, etc. _942581 |
|
| 700 | 1 |
_aD'Andrea, Dennis V. _942582 |
|
| 700 | 1 |
_aFletcher, Larry R. _942583 |
|
| 942 |
_2ddc _cBK |
||
| 999 |
_c546454 _d546454 |
||